000 00617nam a2200229 i 4500
001 000019759
003 DO-SdBNP
005 20230727105107.0
007 ta
008 100705s19? ck a r 000 f spa d
040 _aDO-SdBNP
_bspa
_cBNPHU
_erda
082 _bR374
_222
245 1 0 _aReinventa tu forma de comer
264 _asin lugar :
_bsin nombre ,
_csin fecha .
300 _a1 volumen, sin paginar ;
_c22 cm.
336 _2rdacontent
_atexto
_btxt
337 _2rdamedia
_asin mediación
_bn
338 _2rdacarrier
_avolumen
_bnc
590 _aInventariado, 2023 / DG
910 _aDG
942 _2ddc
_cLF2
999 _c54248
_d54248